[Event "Dubai op 6th"]
[Site "Dubai"]
[Date "2004.04.25"]
[Round "7"]
[White "Iuldachev, Saidali"]
[Black "Ulybin, Mikhail"]
[Result "0-1"]
[WhiteElo "2536"]
[BlackElo "2579"]
[Annotator "Finkel,A"]
[PlyCount "104"]
[EventDate "2004.04.19"]
[EventType "swiss"]
[EventRounds "9"]
[EventCountry "UAE"]
[SourceTitle "CBM 101"]
[Source "ChessBase"]
[SourceDate "2004.07.27"]
[SourceVersion "1"]
[SourceVersionDate "2004.07.27"]
[SourceQuality "1"]

1. e4 e6 2. d4 d5 3. Nc3 Nf6 4. Bg5 Be7 5. e5 Nfd7 6. Bxe7 Qxe7 7. f4 O-O 8.
Nf3 c5 9. Qd2 Nc6 10. g3 {Very solid variation.} Nb6 (10... a6 11. Bg2 b5 12.
Ne2 (12. O-O cxd4 13. Nxd4 Nxd4 14. Qxd4 Qc5 15. Qxc5 Nxc5 16. Ne2 Bd7 17. Nd4
Rac8 18. Kf2 $14 {Tarrasch,S-Teichmann,R/San Sebastian 1912/HCL}) 12... a5 13.
O-O Nb6 14. b3 b4 15. dxc5 Qxc5+ 16. Nfd4 (16. Ned4 Ba6 $6 {[%csl Rf5]} 17. Rf2
Nxd4 (17... Rfc8 18. f5 exf5 19. Nxf5 h6 20. Re1 $14) 18. Nxd4 Kh8 19. Re1 Rfe8
20. f5 $1 $36) 16... Ba6 17. Rfe1 Nc8 18. Kh1 Nxd4 19. Nxd4 Ne7 $13 {Moskowitz,
J-Yanofsky,D/Ventnor City 1942/HCL}) (10... f5 11. exf6 Nxf6 12. O-O-O Bd7 13.
Bg2 b5 14. dxc5 b4 15. Ne2 Ne4 16. Qe3 $14 {Donoso Velasco,P-Lofiego/Buenos
Aires 1978/EXT 2000}) 11. O-O-O {Usually white opts for the kingside castle in
this line, however a move in the game has certain advantages over 0-0.} (11.
Be2 a6 12. O-O Bd7 13. Rad1 Rac8 14. Qe3 cxd4 15. Nxd4 $14 {Reeh,O-Schaefer,M/
Germany 2003}) (11. b3 cxd4 12. Nb5 f6 13. Nbxd4 Nd7 14. exf6 gxf6 15. Bb5 Qd6
16. O-O Nc5 17. Kg2 Bd7 18. Nxc6 bxc6 19. Bd3 Kh8 $13 {Alexikov,A-Kantaria,M/
St Petersburg 2002}) 11... Bd7 12. dxc5 Qxc5 13. Kb1 (13. Bd3 Nc4 14. Bxc4 Qxc4
15. Kb1 Rfc8 16. g4 b5 17. Rhg1 b4 18. Ne2 a5 19. Nfd4 $14 {Klovans,J-Klasups,
K/Riga 1963}) 13... Rfc8 14. Nb5 Nb4 $5 {Starting very interesting
complications, which are not very typical this line.} 15. c3 $1 (15. Nd6 $6
Qxc2+ 16. Qxc2 Rxc2 17. a3 Rf2 18. Ne1 Ba4 19. Rc1 Nc6 20. Nxb7 Nd4 $15) (15.
a3 Nxc2 (15... Bxb5 $2 16. axb4 Qc6 17. Nd4 $18) 16. Nd6 Rc6 (16... Ne3 17.
Nxc8 Rxc8 18. Rc1 Nbc4 19. Bxc4 Nxc4 20. Qd4 $16) 17. Rc1 (17. Nd4 Nxd4 18.
Qxd4 Qxd4 19. Rxd4 Rb8 $15) 17... Nxa3+ $1 (17... Qe3 18. Qxe3 Nxe3 19. Bd3 Rb8
20. Nd4 Rxc1+ 21. Rxc1 $44) 18. bxa3 Qxa3 19. Nd4 Na4 $1 20. Nxc6 bxc6 $40 {
[%csl Rb1][%cal Ga8b8]}) 15... Nxa2 16. Nfd4 a6 17. Nd6 Qa5 18. Nxb7 $1 (18.
Nxc8 $6 Rxc8 19. Bd3 Na4 20. Ne2 Rc6 $40 {[%cal Gc6b6]}) 18... Nxc3+ 19. Qxc3
$1 Qxc3 20. bxc3 Na4 $1 21. Kc2 (21. Nd6 $5 Nxc3+ 22. Kc1 Ne2+ 23. Kd2 Nxd4 24.
Nxc8 Bxc8 25. Bd3 $14) 21... Nxc3 22. Nd6 $6 {Unfortunate decision. After a
move in the game white finds himself in the endgame with a pawn down.} (22. Ra1
$1 Ne4+ 23. Kb2 Rab8 (23... Rcb8 24. Bxa6 Nc5 25. Bb5 $3 $18) 24. Nb3 Rxb7 25.
Bxa6 $14) 22... Ba4+ 23. Kd2 Nxd1 $15 24. Nxc8 Rxc8 25. Bxa6 Ra8 26. Be2 Nf2
27. Rc1 (27. Ra1) 27... Ne4+ 28. Ke3 Bd7 29. Bd3 Ra3 30. Rc7 Kf8 $1 31. Nc2 (
31. Rxd7 $2 Rxd3+ 32. Kxd3 Nc5+ 33. Kc3 Nxd7 $17) 31... Rc3 32. Rxc3 Nxc3 33.
Kd4 Na4 34. Ne3 h6 35. g4 (35. Nc2 Ke7 36. h4 f6 37. Be2 fxe5+ 38. fxe5 Nb6 39.
Kc5 Nc8 40. Nd4 $11) 35... Ke7 36. Bc2 (36. h4 f6 37. exf6+ gxf6 38. g5 (38. f5
Kd6 39. fxe6 Bxe6 $15) 38... fxg5 39. fxg5 hxg5 40. h5 Nb2 41. h6 Kf7 42. Bb1
Bb5 43. Ng4 Nc4 $15) 36... Nb6 37. Kc5 Nc8 38. f5 $2 {[%csl Re5]} Na7 $17 39.
h4 Nc6 40. f6+ gxf6 41. exf6+ Kxf6 42. Kd6 Nb4 $1 $19 43. Bb1 (43. Kxd7 d4 $19)
43... Bb5 44. g5+ hxg5 45. hxg5+ Kxg5 46. Ke7 d4 47. Nd1 e5 48. Kxf7 Kf4 49.
Ke6 e4 50. Bxe4 Kxe4 51. Nf2+ Kf3 52. Ke5 Nc6+ 0-1

[Event "EU-ch 4th"]
[Site "Istanbul"]
[Date "2003.06.07"]
[Round "8"]
[White "Aronian, Levon"]
[Black "Glek, Igor Vladimirovich"]
[Result "1-0"]
[WhiteElo "2606"]
[BlackElo "2551"]
[Annotator "Finkel,A"]
[PlyCount "87"]
[EventDate "2003.05.30"]
[EventType "swiss"]
[EventRounds "13"]
[EventCountry "TUR"]
[SourceTitle "CBM 096"]
[Source "ChessBase"]
[SourceDate "2003.09.25"]
[SourceVersion "1"]
[SourceVersionDate "2003.09.25"]
[SourceQuality "1"]

1. e4 e6 2. Nc3 d5 3. d4 Nf6 4. Bg5 Be7 5. e5 Ne4 $6 {Dubious continuation
promising white stable opening advantage.} 6. Nxe4 Bxg5 7. Nxg5 Qxg5 8. c3 c5
9. Nf3 Qe7 10. dxc5 (10. Bd3 Nc6 (10... cxd4 11. cxd4 (11. Nxd4 Nc6 12. f4 O-O
13. O-O f6 14. Qc2 h6 15. Rae1 Bd7 16. Nf3 $14 {Savon,V-Glek,I/Odessa 1989})
11... Qb4+ 12. Qd2 Nc6 (12... Qxd2+ 13. Nxd2 Nc6 14. Nb3 Ke7 15. O-O Bd7 16.
Rac1 $14 {Dubrovin,Y-Tyulin,A/Novosibirsk 2002}) 13. Rc1 Bd7 14. Qxb4 Nxb4 15.
Bb1 f6 16. Kd2 Nc6 17. Rhe1 O-O $13 {Teske,H-Glek,I/Erfurt 1989}) 11. dxc5 Qxc5
12. O-O Bd7 13. Rc1 Rc8 14. Re1 Qb6 15. Qe2 $14 {Levy,D-Hall,R/Bath 1963})
10... Qxc5 11. Bd3 Bd7 (11... b6 12. Qe2 a5 13. Nd4 Ba6 14. Nb5 O-O 15. a4 Nc6
16. O-O Rad8 17. Rac1 $14 {Dragasevic Georgieva,A-Medjedovic,J/Arandjelovac
1990}) (11... Nc6 12. O-O O-O 13. Re1 Qe7 {[#]} 14. Qc2 h6 15. Qd2 Rb8 16. Bc2
$16 {Tischbierek,R-Timmer,R/Biel 1993}) 12. Qe2 {It's important to prevent Bb5,
which would've solved black's opening problems.} (12. O-O Bb5 13. Bxb5+ Qxb5
14. Nd4 Qb6 15. Qe2 O-O $11 {Asztalos,L-Vukovic,V/Gyor 1924}) 12... Nc6 13. O-O
h6 (13... Rc8 14. Rad1 a6 15. Rfe1 Qe7 16. Bb1 b5 17. a3 Na5 18. Nd4 $14 {
Ivkov,B-Djaja,D/Skopje 1956}) (13... O-O 14. Rad1 (14. Qc2 h6 15. Rfe1 Rac8 16.
Qd2 f5 17. exf6 Rxf6 18. Ne5 Nxe5 19. Rxe5 Rcf8 20. Rf1 Bb5 21. Qe3 Qxe3 {
1/2-1/2 Vehi Bach,V-Mellado Trivino,J/Ampuriabrava 1997/CBM 62 (21)}) 14... f5
15. exf6 Rxf6 16. Ne5 Nxe5 17. Qxe5 {1/2-1/2 Ivkov,B-Geller,E/Leningrad 1957/
MCL (17)}) 14. a3 a6 15. Rac1 Qb6 16. b4 Na7 17. Nd4 (17. c4 dxc4 18. Rxc4 Bb5
19. Rg4 O-O 20. Nd4 $36) 17... Nb5 18. Qg4 O-O 19. Rfe1 {[%cal Ge1e3,Ge3g3]
With idea to bring the rook to g3.} (19. a4 Nxd4 20. a5 Nf3+ 21. Qxf3 Qc7 22.
Rfe1 Bb5 23. Bb1 b6 $13) 19... Rfc8 20. Bxb5 axb5 $8 (20... Bxb5 21. Re3 $16)
21. Re3 Qd8 $8 22. Rg3 Qg5 {Arising endgame is slightly better for white, but
black should hold it, that's why I think this move is more accurate than 22...
Qf8} (22... Qf8 23. Ra1 Ra6 24. Qf4 Kh7 $14) 23. Qxg5 hxg5 24. Rxg5 Rxa3 25.
Rg3 Ra4 (25... Rca8 26. Re3 Ra1 27. Ree1 R1a2 28. Kf1 $16) 26. Nb3 b6 27. Rb1
Ra2 28. Nd4 Ra3 29. Ne2 Rc4 30. Re3 Re4 (30... f5) 31. Rxe4 dxe4 32. h4 $1 {
Securing square f4 for the knight.} Bc6 33. Rd1 Bd5 34. Nf4 Rxc3 $2 {Very
strange decision to put it mild. Rook endgame is completly hopeless for black,
meanwhile after correct 34...Bc4 black seems to be doing fine.} (34... Bc4 35.
Rd8+ (35. Rc1 f6 36. g4 Kf7 37. exf6 gxf6 $13) 35... Kh7 36. Rf8 Rxc3 37. Rxf7
e3 38. fxe3 Rxe3 39. Kf2 Rxe5 40. g4 Re4 41. Kf3 Bd5 $11) 35. Nxd5 exd5 36.
Rxd5 Rc1+ 37. Kh2 Rc2 38. Kg3 Rc3+ 39. Kf4 e3 40. Rd8+ (40. fxe3) 40... Kh7 41.
fxe3 Rc4+ 42. Rd4 Rc2 43. g4 Rb2 44. h5 1-0

[Event "Sigeman & Co 11th"]
[Site "Malmo"]
[Date "2003.05.05"]
[Round "6"]
[White "Sutovsky, Emil"]
[Black "Hansen, Curt"]
[Result "1-0"]
[WhiteElo "2652"]
[BlackElo "2610"]
[Annotator "Finkel,A"]
[PlyCount "73"]
[EventDate "2003.04.29"]
[EventType "tourn"]
[EventRounds "9"]
[EventCountry "SWE"]
[EventCategory "13"]
[SourceTitle "CBM 095"]
[Source "ChessBase"]
[SourceDate "2003.07.25"]
[SourceVersion "1"]
[SourceVersionDate "2003.07.25"]
[SourceQuality "1"]

1. e4 e6 2. d4 d5 3. Nc3 Nf6 4. Bg5 Be7 (4... dxe4) 5. e5 Nfd7 6. Bxe7 Qxe7 7.
f4 a6 (7... c5 $6 8. Nb5 {[%cal Gb5d6,Gb5c7]}) 8. Nf3 c5 9. dxc5 Nc6 10. Bd3
Qxc5 11. Qd2 b5 12. h4 b4 (12... h5 13. O-O-O g6 14. Kb1 Nb6 15. Ng5 b4 16. Ne2
a5 17. Rh3 Ba6 18. Rg3 Nc4 $13 {Mosnegutu,M-Ciobanu,C/Sovata 1998}) (12... Nb6
$5 13. h5 h6 14. Qf2 Qxf2+ 15. Kxf2 O-O 16. g4 f6 17. exf6 gxf6 18. Nh4 e5 $132
{Sutovsky,E-Sakaev,K/Ohrid 2001}) 13. Na4 $1 {Emil has a lot of experience in
this position and in this particular game he outplayed his experienced
opponent without a chance.} (13. Ne2 a5 14. h5 h6 15. Rh3 (15. g4 Ba6 16. Bxa6
Rxa6 17. Ned4 a4 18. Rg1 a3 19. b3 Nxd4 20. Nxd4 Qe7 21. O-O-O Nc5 $13 {
Areshchenko,A-Lysak,I/Evpatoria 2002}) 15... Ba6 (15... O-O 16. Ned4 Nxd4 17.
Nxd4 Kh8 18. Nb5 a4 19. Qe3 Ba6 20. Nd6 f6 21. Bg6 fxe5 22. Nf7+ Kg8 23. Nxe5
Qxe3+ 24. Rxe3 Rxf4 $17 {Sutovsky,E-Gurevich,M/Reykjavik 2003}) 16. Rg3 Kf8 17.
Bxa6 Rxa6 18. O-O-O a4 19. Kb1 Nb6 20. b3 $14 {Areshchenko,A-Nalivajko,E/
Alushta 2002}) 13... Qa5 14. b3 Nc5 $6 {Playing into white's hands, because
it's pretty clear that white will play Rc1 followed by c3.} (14... Bb7 15. h5
h6 16. Rc1 Nb6 17. Nxb6 Qxb6 18. c3 a5 19. Qf2 Qxf2+ 20. Kxf2 Ke7 21. Rc2 Rhc8
22. Rhc1 bxc3 23. Rxc3 $14) 15. Nxc5 Qxc5 16. Rc1 Bd7 17. c4 bxc3 (17... a5 18.
cxd5 Qxd5 19. Qe3 $18 {[%csl Rd5]}) 18. Rxc3 Qb6 19. h5 h6 20. Qf2 {White has
a better bishop, control over the c-file and possiblity to play on both sides
of the board, so his desire to enter an endgame is fully justified.} Qb4 (20...
Qxf2+ 21. Kxf2 Ke7 22. Rhc1 Rhc8 23. Ke3 $16) 21. Qc5 Qxc5 22. Rxc5 Ke7 23. Kd2
Rhb8 24. Rhc1 Rb6 25. Be2 $6 {A little inaccuracy which wasn't exploited by
black in the game. Stronger was 25.a4!, but may be Emil didn't want to trade a
rook for 2 minor pieces...} (25. a4 $1 {[%csl Rc6]} a5 26. Bb5 Rc8 27. Bxc6
Rcxc6 28. Nd4 Rxc5 29. Rxc5 Ra6 30. Rc7 $16) 25... f6 26. Ke3 Ra7 27. g4 a5 $2
{It was necessary to trade on e5 first not to give white a chance to create a
passer on the kingisde.} (27... fxe5 28. fxe5 a5 $14) 28. exf6+ gxf6 29. g5 $1
$16 {After this move black is in big troubles.} fxg5 30. fxg5 hxg5 31. h6 {
[%csl Ra7,Rb6]} Ra8 (31... Kf6 32. h7 Ra8 33. Nxg5 Rh8 (33... Kxg5 34. Rg1+ Kh6
35. Rg8 Kxh7 36. Rxa8 $18) 34. Rg1 Be8 35. Bb5 $16) 32. Bb5 Kd6 $6 (32... Nb4
$5 33. Bxd7 Nxa2 34. Rc8 $1 Rxb3+ (34... Nxc1 35. Rxa8 Rxb3+ 36. Kf2) 35. Kf2
Nxc1 36. Rxa8 Nd3+ 37. Kg1 Rb1+ 38. Kh2 Rb2+ 39. Kg3 Nf4 40. Nxg5 $18) 33. h7
$18 d4+ (33... Ne7 34. Bxd7 Kxd7 35. Ne5+ Kd6 36. Nf7+ Kd7 37. Rc7+ $18) 34.
Kd2 e5 35. Nxg5 Rxb5 36. Rxb5 Ke7 37. Rb7 1-0

[Event "EU-Cup 19th"]
[Site "Rethymno"]
[Date "2003.09.30"]
[Round "3.1"]
[White "Naiditsch, Arkadij"]
[Black "Sakaev, Konstantin"]
[Result "1-0"]
[WhiteElo "2574"]
[BlackElo "2655"]
[Annotator "Finkel,A"]
[PlyCount "115"]
[EventDate "2003.09.28"]
[EventType "team-swiss"]
[EventRounds "7"]
[EventCountry "GRE"]
[SourceTitle "CBM 098"]
[Source "ChessBase"]
[SourceDate "2004.02.03"]
[SourceVersion "1"]
[SourceVersionDate "2004.02.03"]
[SourceQuality "1"]
[WhiteTeam "Eynatten"]
[BlackTeam "St Petersburg"]
[WhiteTeamCountry "BEL"]
[BlackTeamCountry "RUS"]

1. e4 e6 2. d4 d5 3. Nc3 Nf6 4. Bg5 Be7 5. e5 Nfd7 6. Bxe7 Qxe7 7. Qd2 a6 8. f4
Nb6 9. Nf3 Bd7 10. a4 $5 {[%csl Rb6,Rd7] The safest way to get an advantage.
White's plan is to exploite poor position of the knight on b6 and "bad" bishop
of black.} (10. O-O-O Bb5 (10... Nc6 11. h3 O-O-O 12. g4 Kb8 13. Bd3 Na7 14. f5
h6 15. Ne2 Nc4 16. Bxc4 dxc4 17. Qf4 $14 {Lahno,K-Iljushin,A/Istanbul 2003})
11. Nxb5 $6 axb5 12. Bxb5+ c6 13. Bd3 Rxa2 14. Kb1 Ra4 $15 {Inarkiev,
E-Morozevich,A/Krasnoyarsk 2003}) (10. Bd3 c5 11. O-O Nc6 12. dxc5 Qxc5+ 13.
Kh1 Ne7 14. Ne2 Qc7 15. b3 $14 {Gutierrez,J-Santamaria,M/Duitama 1999}) 10...
Qb4 11. b3 Nc6 (11... c5 12. Ne2 Qxd2+ (12... Nc6 $2 13. a5 Nc8 14. c3 Qb5 15.
Nc1 c4 16. bxc4 dxc4 17. Qa2 $16) 13. Kxd2 cxd4 14. Nexd4 Nc8 15. Bd3 Ne7 $14)
12. Nd1 Qxd2+ 13. Kxd2 $14 f6 14. Ne3 O-O 15. c3 Be8 16. Bd3 Bh5 (16... Ne7)
17. g4 Be8 18. exf6 Rxf6 19. a5 Nc8 20. f5 N8e7 21. Rhf1 Bd7 (21... exf5 22.
gxf5 Rd8 23. Ne5 Rf8 24. N3g4) 22. g5 Rff8 23. f6 $1 {Temporary pawn sacrifice
aimed to initiate usefull exchnages.} gxf6 24. gxf6 Rxf6 25. Ng4 Rf4 (25...
Rff8 26. Nfe5 Nxe5 27. Nxe5 Bb5 28. c4 dxc4 29. bxc4 Bc6 30. Rg1+ Kh8 31. Raf1
Rxf1 32. Rxf1 Rg8 33. Nf7+ Kg7 34. Ng5 $16) 26. Nfe5 Rxf1 27. Rxf1 {White
pieces dominate the board.} Nxe5 28. Nxe5 Be8 29. Rf6 Kg7 (29... Ng6 30. Bxg6
Bxg6 31. Rxe6 Re8 32. Rxe8+ Bxe8 33. Ke3 Kg7 34. Kf4 Kf6 35. Ng4+ $16 {[%cal
Gf4h6]}) 30. Rxe6 Ng8 31. Nf3 Bf7 32. Re5 Re8 $2 {Blundering a pawn!} (32...
Rd8) 33. Rxe8 Bxe8 34. Ng5 $18 {The rest of the game is black's agony.} h6 (
34... Bd7 35. Nxh7 Kh6 36. Nf8 Bc8 37. Ng6 $18) 35. Ne6+ Kf6 36. Nxc7 Bc6 37.
c4 dxc4 38. bxc4 Ne7 39. Kc3 Bf3 40. d5 Ke5 41. Kb4 Kd4 42. Bf1 Nf5 43. Bh3 Nd6
44. c5 Nf7 45. d6 Bc6 46. Bc8 Ke5 47. Ne6 Bd5 48. Ng7 Be4 49. d7 Nd8 50. Ne8
Bc6 51. Nd6 Ke6 52. Nxb7 Bxb7 53. Bxb7 Nxb7 54. c6 Nd8 55. Kc5 Nf7 56. Kb6 Kd6
57. d8=Q+ Nxd8 58. c7 1-0

[Event "RUS-ch 56th"]
[Site "Krasnoyarsk"]
[Date "2003.09.09"]
[Round "6"]
[White "Logunov, Maxim"]
[Black "Iljushin, Alexei"]
[Result "1-0"]
[WhiteElo "2422"]
[BlackElo "2553"]
[Annotator "Finkel,A"]
[PlyCount "59"]
[EventDate "2003.09.03"]
[EventType "swiss"]
[EventRounds "9"]
[EventCountry "RUS"]
[SourceTitle "CBM 098"]
[Source "ChessBase"]
[SourceDate "2004.02.03"]
[SourceVersion "1"]
[SourceVersionDate "2004.02.03"]
[SourceQuality "1"]

1. e4 e6 2. d4 d5 3. Nc3 Nf6 4. Bg5 Be7 5. e5 Nfd7 6. Bxe7 Qxe7 7. Nb5 {
This move used to be very popular in the begining of 20th century, so I won't
be surprised if this line becomes fashionable in the nearest future!} Nb6 8. c3
a6 9. Na3 Bd7 (9... c5 10. f4 (10. Nc2 Nc6 11. f4 cxd4 12. Nxd4 Bd7 13. Ngf3
Nc4 14. Bxc4 dxc4 15. Qe2 b5 16. O-O $14 {Al Modiahki,M-Cave,C/Istanbul 2000/
EXT 2001}) (10. Nf3 Nc6 11. Nc2 O-O 12. Be2 f6 13. exf6 Rxf6 14. O-O Bd7 15.
Ne3 cxd4 16. cxd4 $14 {Rogers,I-Drasko,M/Berlin-West 1986/EXT 97}) 10... Nc6 (
10... O-O 11. Nf3 Nc6 12. Bd3 f6 13. O-O c4 $2 14. Bc2 fxe5 15. fxe5 $16 {
Bronstein,L-Mellano,S/Buenos Aires 1992/EXT 97}) 11. Nf3 cxd4 12. cxd4 Qb4+ (
12... Bd7 13. Qd2 (13. Be2 Qb4+ 14. Qd2 Na4 15. Qxb4 Nxb4 16. Kd2 Rc8 17. Rhc1
Rxc1 18. Rxc1 Ke7 19. b3 Nb6 20. Nc2 $14 {1/2-1/2 Romanovsky,P-Bogoljubow,E/
Moscow 1925/HCL (20)}) 13... Rc8 14. Nc2 O-O 15. Bd3 Na7 16. O-O $14 {Marco,
G-Showalter,J/Munich 1900/HCL}) 13. Qd2 Qxd2+ (13... Na4 14. Qxb4 Nxb4 15. Kd2
Bd7 16. b3 Nb6 17. Nb1 Rc8 18. Nc3 Ke7 19. a3 Nc6 20. Bd3 $14 {Marco,G-Von
Bardeleben,C/Munich 1900/HCL}) 14. Kxd2 Bd7 (14... Ke7 15. Nc2 a5 16. a4 Bd7
17. b3 $1 $14) 15. Nc2 (15. b3 O-O 16. Nc2 f6 17. Bd3 fxe5 18. fxe5 Rf4 19. Ke3
$14 {Teichmann,R-Albin,A/Monte Carlo 1903/HCL}) 15... Ne7 16. b3 Bb5 17. Rc1
Nc6 18. Ne3 O-O 19. g4 $14 {Narciso Dublan,M-Rahal,M/Barcelona 1996/EXT 99})
10. f4 (10. Bd3 Nc6 11. Qg4 g6 12. h4 h5 13. Qd1 O-O-O 14. f4 Na7 15. Nf3 Qe8
16. Qe2 Bb5 $11 {Albin,A-Ettlinger,A/New York 1893}) (10. Qg4 O-O 11. Nf3 f5
12. Qf4 c5 13. Nc2 cxd4 14. Ncxd4 Na4 15. Qd2 Nc5 16. Bd3 $14 {Dabo Peranic,
R-Jurkovic,A/Pula 1992}) 10... Na4 {I must admit that I don't really know what
black knight is doing on a4, but on the other hand it has absolutely nothing
to do on b6 too.} (10... c5 11. Nf3 Nc6 12. Nc2 Rc8 13. Qd2 (13. Be2 cxd4 14.
cxd4 Na4 15. Rb1 Nb4 16. Nxb4 Qxb4+ 17. Qd2 Qxd2+ 18. Kxd2 Ke7 $11 {Novoselov,
K-Niubin,V/Rybinsk 2000}) 13... cxd4 14. Ncxd4 Nxd4 15. Nxd4 $14 {Borgo,
G-Satta,V/Porto San Giorgio 2000/EXT 2001}) (10... Nc6 11. Nf3 f5 $5 12. Bd3
O-O 13. O-O Be8 14. Nc2 Na5 15. Ne3 Nac4 16. Qe2 Nxe3 17. Qxe3 Bb5 18. b3 $14 {
1/2-1/2 Geller,J-Iljushin,A/Krasnodar 2002}) 11. Qd2 (11. Nc2 $6 Nxb2 12. Qb1
Na4 13. Qxb7 Bc6 14. Qc8+ Qd8 15. Qxd8+ Kxd8 16. Kd2 Bb5 $11 {Grau,R-Guimard,C/
La Plata 1939}) 11... c5 12. Nf3 Nc6 (12... b5 13. Rb1 $1 {[%cal Ga3c2]} Nc6
14. Be2 O-O 15. O-O f6 16. exf6 gxf6 17. Nc2 $16 {Steiner,L-Maroczy,G/Gyor 1924
}) 13. Be2 b5 14. Bd1 Nb6 (14... cxd4 15. cxd4 (15. Nxd4 Nxd4 16. cxd4 b4 17.
Bxa4 Bxa4 18. Nc2 Bxc2 19. Qxc2 O-O $11) 15... Nb6 16. O-O b4 17. Nc2 Nc4 18.
Qc1 O-O 19. b3 $14) 15. O-O c4 $2 {This move is the strategical suicide! Now
black is deprived of any counterplay.} (15... b4) 16. Nc2 f5 17. exf6 $1 {
Opening up a center can't be wrong under the circumstances.} gxf6 18. Ne3 $16
O-O-O (18... O-O 19. Bc2 (19. f5 e5 20. dxe5 fxe5 21. Nxd5 Qc5+ 22. Ne3 Bxf5
$13) 19... f5 20. Rae1 Qg7 21. Kh1 $16 {[%cal Gg2g4]}) 19. a4 Be8 20. b3 Qc7
21. bxc4 (21. axb5 axb5 22. bxc4 dxc4 23. Bc2 $16) 21... bxc4 22. f5 e5 23. a5
Na8 24. dxe5 fxe5 25. Ng5 {[%cal Gg5e6] It's pretty obvious that black is in
deep troubles.} Qd6 (25... Bf7 26. f6 {[%cal Gd1g4]} Kb8 (26... d4 27. Rb1 {
[%csl Rc8]}) 27. Rb1+ Ka7 28. Bf3 $18) 26. f6 Nc7 27. f7 Bd7 28. Ne4 $1 Qg6 29.
Nc5 Be6 30. Qb2 1-0